00902nam a2200205 a 450000100100000000500170001000800410002704000250006808200180009310000370011124500820014826000590023030000210028950000570031059000260036760000640039395201110045795201110056899900170067900003634820200930075700.0120113d1994 dr 000 0 spa  aDO-SdBNPbspacBNPHU a928.61cH519V1 aValdez, Diógenesc1941-92051110aBreve reseña biografica de Camila Henríquez Ureña /cDiógenes Valdez. aSanto Domingo :bFeria Internacional del Libro,c1994. a9 p. : ;c22 cm. aEn la cubierta: XXII Feria Nacional del Libro Camila aInventariado, 2018/VM14aHENRÍQUEZ UREÑA, CAMILAd1894-1973vBIOGRAFÍAS962522 0010718PDaPDbPDcHDd2012-01-13iLF1l0o928.61 p36349-10r2020-06-25w2020-06-25yLFPDZNo se presta 0010718PDaPDbPDcHDd2012-01-13iLF1l0o928.61 p36349-20r2020-06-25w2020-06-25yLFPDZNo se presta c35839d35839